Cooperativismo- Sindicalismo. La reforma del cooperativismo. Parte III /
Αποθηκεύτηκε σε:
| Συλλογικό Έργο: | , , , |
|---|---|
| Μορφή: | Κείμενο |
| Έκδοση: |
Caracas:
CMT
|
| Ετικέτες: |
Προσθήκη ετικέτας
Δεν υπάρχουν, Καταχωρήστε ετικέτα πρώτοι!
|
MARC
| LEADER | 00000 a a2200000 04500 | ||
|---|---|---|---|
| 001 | 25967 | ||
| 003 | |||
| 040 | |||
| 090 | |a 182510 | ||
| 110 | |a CMT | ||
| 245 | |a Cooperativismo- Sindicalismo. La reforma del cooperativismo. Parte III / |c CMT | ||
| 260 | |a Caracas: |b CMT | ||
| 300 | |a p.irreg |b fonodiscos |b escudos de armas | ||
| 710 | |a CLASC | ||
| 710 | |a FCL | ||
| 710 | |a ILATES | ||
| 999 | |c 16222 |d 16222 | ||
